Регионална библиотека "Любен Каравелов" - Русе

Телекомуникации (Запис номер 71343)

MARC детайли
000 -Лидер
Контролно поле с фиксирана дължина 01260nam a2200325 c 4500
003 - Код на организацията, давaща контролен номер
Контролно поле BLK
005 - Дата и час на последна редакция
Контролно поле 20210821132409.0
008 - Елементи от данни с фиксирана дължина
fixed length control field 180408b bul|||||r ||||||| ||bul||
010 ## - Наследен системен номер
LC control number KNG00075711000
020 ## - Международен стандартен номер на книга ISBN
Международен стандартен номер на книга ISBN 954-9315-58-4
-- издат.: Нови знания
040 ## - Източник на каталожния запис
Идентификатор на билиотеката - собственик на записа BLK
041 ## - Код за език
Код за езика на текст/звукозапис или на отделно заглавие Български
Код за езика КДБФ Български
080 ## - УДК
Текстов определител УДК Съобщителна техника. Вж и 621.3.09. Организация и експлоатация на съобщенията вж 654
УДК код - определител по УДК 621.39
УДК определител (075.8)
УДК - код + определител 621.39(075.8)
100 1# - Редна дума - Автор
Автор Цанков, Борис Петков
Авторска отговорност първи автор
R(LIN) 243881
139 ## - Редно поле
Редна дума Цанков, Борис Петков
Авторски знак Цанк - Ц 17
245 10 - Сведения за заглавието
Заглавие Телекомуникации
Подзаглавни данни Фиксирани, мобилни и IP
Редно поле (дума) Борис Петков Цанков.
257 ## - Страна на издаване
Страна на създаване/издаване България
260 ## - Област на издателските данни
-- София
Име на издателя, разпространителя и проч. Нови знания
Година на издаване 2006
300 ## - Физическа характеристика
Страници 312 с.
Илюстрации и др. с табл., сх.
Размери/Мащаб 24 см
380 ## - Жанр
Жанр Техника
590 ## - Забележки на библиотеката, притежаваща документа (RLIN)
Служебно ф
650 #4 - Допълнително описание по предмет – тема
Основно описание – тема или топоним Телекомуникации - учебници за ВУЗ
9 (RLIN) 273719
653 ## - Ключова дума – ненормативна
Ключова дума телекомуникации
653 ## - Ключова дума – ненормативна
Ключова дума учебници за ВУЗ
852 ## - Местоположение
Форматна сигнатура Цб 234372
856 4# - Електронен адрес и достъп
Електронен формат pdf - файл
Път до файла /url/
856 4# - Електронен адрес и достъп
Електронен формат pdf - файл
Път до файла /url/
942 ## - АРТИКУЛИ
Вид на библиотечния материал Книги
Скрит в OPAC Не
Koha issues (borrowed), all copies 4
944 ## - СЪЗДАВАНЕ И РЕДАКЦИЯ на ЗАПИСА
Създаване/Редакция Създаване
Дата на регистрацията/редакция 14.06.2007
Служител, извършил регистрацията/редакцията Пенка_Димитрова
944 ## - СЪЗДАВАНЕ И РЕДАКЦИЯ на ЗАПИСА
Създаване/Редакция Редакция
Дата на регистрацията/редакция 14.11.2013
Служител, извършил регистрацията/редакцията
999 ## - СИСТЕМНИ КОНТРОЛНИ НОМЕРА
Koha biblionumber 71343
Koha biblioitemnumber 71343
Наличности
Код за отписване Код за изгубен артикул Код за повреда Коз за рестрикции Код за отдаване Артикулен № Име на библиотеката - собственик Име на библиотеката, в която се намира в момента Статус (Текущо местоположение) Дата на вписване в системата Местоположение - отдел Цена в лева Инвентарен номер Систематично азбучна сигнатура Баркод Номер на екземпляра Цена в евро Служебна бележка Служебен тип на артикула
  Не е изгубен Не е повреден без рестрикции ползва се в читалня 116442 Регионална библиотека "Любен Каравелов" Русе Регионална библиотека "Любен Каравелов" Русе Читалня 2007-06-14 Читалня 13.00 120000714583 Ч 621.39/Ц 17 120000714583 1 6.65 Дост: Pk Вид: Ф N: 401173 Дата: 05.06.2007 Дата инв: 24.03.2017 Бележки инв: Ч2017 Книги
  Не е изгубен Не е повреден без рестрикции заемане за дома 116443 Регионална библиотека "Любен Каравелов" Русе Регионална библиотека "Любен Каравелов" Русе Заемна - подръчен фонд 2008-11-19 Заемна - подръчен фонд 13.00 120000731637 П 621.39/Ц 17 120000731637 2 6.65 Дост: Pk Вид: Ф N: 373 Дата: 06.11.2008 Дата инв: 01.02.2018 Бележки инв: П2018 Книги
  Не е изгубен Не е повреден без рестрикции заемане за дома 116444 Регионална библиотека "Любен Каравелов" Русе Регионална библиотека "Любен Каравелов" Русе Заемна - подръчен фонд 2008-11-19 Заемна - подръчен фонд 13.00 120000731638 П 621.39/Ц 17 120000731638 3 6.65 Дост: Pk Вид: Ф N: 373 Дата: 06.11.2008 Дата инв: 06.02.2018 Бележки инв: П2018 Книги
  Не е изгубен Не е повреден без рестрикции ползва се в читалня 116445 Регионална библиотека "Любен Каравелов" Русе Регионална библиотека "Любен Каравелов" Русе Хранилище 2013-11-14 Хранилище 15.00 120000771415 Цб 266372 120000771415 4 7.67 Дост: Dp Вид: Д N: 42 Дата: 16.10.2012 Книги
Vip Innovations Ltd, Rousse, Bulgaria 2025